| Tag |
First Indicator |
Second Indicator |
Subfields |
| LEADER |
00000cam a2200000 i 4500 |
| 001 |
in00004286413 |
| 005 |
20210125090831.0 |
| 008 |
171130t20202020nyu b 001 0 eng c |
| 010 |
|
|
|a 2017057565
|
| 020 |
|
|
|a 9781501713095
|q hardcover :
|q alkaline paper
|
| 020 |
|
|
|a 1501713094
|q hardcover :
|q alkaline paper
|
| 020 |
|
|
|a 9781501713101
|q paperback :
|q alkaline paper
|
| 020 |
|
|
|a 1501713108
|q paperback :
|q alkaline paper
|
| 035 |
|
|
|a (OCoLC)on1008759698
|
| 040 |
|
|
|a DLC
|e rda
|c DLC
|d UtOrBLW
|
| 043 |
|
|
|a e-gr---
|
| 049 |
|
|
|a TXAM
|
| 050 |
0 |
0 |
|a PA3092
|b .M37 2020
|
| 082 |
0 |
0 |
|a 881/.0109
|2 23
|
| 100 |
1 |
|
|a Martin, Richard P.,
|e author.
|0 http://id.loc.gov/authorities/names/n84115532
|
| 240 |
1 |
0 |
|a Essays.
|k Selections
|0 http://id.loc.gov/authorities/names/no2017157010
|
| 245 |
1 |
0 |
|a Mythologizing performance /
|c Richard P. Martin.
|
| 264 |
|
1 |
|a Ithaca, New York :
|b Cornell University Press,
|c [2020]
|
| 264 |
|
4 |
|c ©2020
|
| 300 |
|
|
|a xii, 519 pages ;
|c 24 cm.
|
| 336 |
|
|
|a text
|b txt
|2 rdacontent
|
| 337 |
|
|
|a unmediated
|b n
|2 rdamedia
|
| 338 |
|
|
|a volume
|b nc
|2 rdacarrier
|
| 490 |
1 |
|
|a Myth and poetics II
|
| 504 |
|
|
|a Includes bibliographical references (pages [443]-[482])and indexes.
|
| 505 |
0 |
|
|a Epic as genre -- Similes and performance -- Formulas and speeches : the usefulness of Parry's method -- Wrapping Homer up : cohesion, discourse, and deviation in the Iliad -- Apollo's cithara and Poseidon's crash-test : ritual and contest in the evolution of Greek aesthetics -- The senses of an ending : myth, ritual, and poetic exodia in performance -- Synchronic aspects of Homeric performance : the evidence of the Hymn to Apollo -- Rhapsodizing Orpheus -- Golden verses : voice and authority in the tablets -- Hesiod and the didactic double -- Hesiod's metanastic poetics -- Hesiod, Odysseus, and the instruction of princes -- Pulp epic : the catalogue and the shield -- Keens from the absent chorus : Troy to Ulster -- Telemachus and the last hero song -- Until it ends : varieties of Iliadic anticipation -- Distant landmarks : Homer and Hesiod.
|
| 520 |
|
|
|a Building on numerous original close readings of works by Homer, Hesiod and other ancient Greek poets, Richard P. Martin articulates a broad and precise poetics of archaic Greek verse. The ancient Greek hexameter poetry of such works as the Iliad and the Odyssey differ from most modern verbal art because it was composed for live, face-to-face performance, often in a competitive setting, before an audience well versed in mythological and ritual lore. The essays collected here span Martin's acclaimed career and explore ways of reading this poetic heritage using principles and evidence from the comparative study of oral traditions, literary and speech-act theories and the ethnographic record.
|
| 650 |
|
0 |
|a Greek poetry
|x History and criticism.
|0 http://id.loc.gov/authorities/subjects/sh2008105402
|
| 650 |
|
0 |
|a Oral tradition
|z Greece.
|0 http://id.loc.gov/authorities/subjects/sh2008108690
|
| 650 |
|
0 |
|a Literature and anthropology
|z Greece.
|
| 830 |
|
0 |
|a Myth and poetics.
|n II.
|0 http://id.loc.gov/authorities/names/no2017117646
|
| 945 |
|
|
|b 629279
|
| 947 |
|
|
|a A14850734972
|
| 948 |
|
|
|a cataloged
|b h
|c 2020/11/5
|d c
|e dmitchel
|f 9:30:20 am
|
| 994 |
|
|
|a 92
|b TXA
|
| 999 |
f |
f |
|s ad0f04a2-015e-3cb8-9a4a-ca071ac0ef8f
|i fa4d9666-b0e9-39df-97fd-a1e68c2a1abc
|t 0
|
| 952 |
f |
f |
|p normal
|a Texas A&M University
|b College Station
|c Sterling C. Evans Library
|d Evans: Library Stacks
|t 0
|e PA3092 .M37 2020
|h Library of Congress classification
|i unmediated -- volume
|m A14850734972
|
| 998 |
f |
f |
|a PA3092 .M37 2020
|t 0
|l Evans: Library Stacks
|